000 00500nam a2200181Ia 4500
001 16448
005 20260306170310.0
008 260306t2016||||xx |||||||||||||| ||und||
041 _aESP
082 _a348.6
_bD69
100 _aDíaz Aroco, Teófila T.
_eAUT
245 0 _aDerecho individual del trabajo:
_bnuevas tendencias en el proceso de globalización de la economía
260 _c2016
300 _a787 páginas :
_c24 cm.
650 _aGEN
654 _aCDE
942 _cLIB
_dJUS
_fJUS
_2ddc
_n
999 _c16448
_d16448